En torno a "Miragaia" de Garret / (Record no. 102327)

MARC details
000 -LEADER
campo de control de longitud fija 00629nam a2200193 i 4500
001 - NÚMERO DE CONTROL
campo de control 102327
003 - IDENTIFICADOR DE NÚMERO DE CONTROL
campo de control ES-MaACL
005 - FECHA Y HORA DE LA ÚLTIMA TRANSACCIÓN
campo de control 20231227062634.0
007 - CAMPO FIJO DE DESCRIPCIÓN FÍSICA--INFORMACIÓN GENERAL
campo de control de longitud fija t|
008 - DATOS DE LONGITUD FIJA--INFORMACIÓN GENERAL
campo de control de longitud fija 051108s1944 po ||||1| spa d
100 1# - ENTRADA PRINCIPAL--NOMBRE DE PERSONA
Nombre de persona Menéndez Pidal, Ramón,
Fechas asociadas al nombre 1869-1968
9 (RLIN) 80315
245 10 - MENCIÓN DEL TÍTULO
Título En torno a "Miragaia" de Garret /
Mención de responsabilidad, etc. R. Menéndez Pidal.
260 ## - PUBLICACIÓN, DISTRIBUCIÓN, ETC.
Lugar de publicación, distribución, etc. Coimbra :
Nombre del editor, distribuidor, etc. Universidade de Coimbra. Facultad de Letras,
Fecha de publicación, distribución, etc. 1944.
300 ## - DESCRIPCIÓN FÍSICA
Extensión 18 p. ;
Dimensiones 25 cm.
500 ## - NOTA GENERAL
Nota general Es separata de Biblos. V.XX.
710 2# - ENTRADA AGREGADA--NOMBRE DE ENTIDAD CORPORATIVA
Nombre de entidad corporativa o nombre de jurisdicción como elemento de entrada Universidade de Coimbra.
Unidad subordinada Facultad de Letras.
9 (RLIN) 7462
852 ## - LOCALIZACIÓN
Ubicación ES-MaACL
Número de control de estantería 1858-F-9
Sublocalización o colección R.22924
Holdings
Estatus retirado Estado de pérdida Estado de daño No para préstamo Colección Biblioteca de origen Biblioteca actual Ubicación en estantería Fecha de adquisición Fuente de adquisición Total de préstamos Signatura topográfica completa Código de barras Visto por última vez Precio de reemplazo Tipo de ítem Koha
        Colección de folletos Biblioteca del Ateneo de Madrid Biblioteca del Ateneo de Madrid Depósito folletos 17/01/2008     1858-F-9 1106815 23/02/2023 23/02/2023 Folleto